| 000 | 00944nas a2200277 4500 | ||
|---|---|---|---|
| 001 | BR8103335 | ||
| 003 | BR-BrBNA | ||
| 005 | 20231205084749.0 | ||
| 007 | ta | ||
| 008 | 230509b bl.|||p| |||| 00| 00por d | ||
| 040 |
_aBR-BrBNA _bpor _cBiblioteca Nacional de Agricultura |
||
| 041 | _a(Pt) | ||
| 072 | _aL40 | ||
| 100 | 1 | _aMoraes, N.P. | |
| 100 | 1 | _aMatheus, G. | |
| 245 | 1 | _aEstudo histologico do tecido de granulacao de feridas cutaneas de ratos hipotireoideos e paratidectomizados | |
| 246 | 1 | _aHistologic study of cutaneous wound granulation tissue of hypothyroid and parotidectomized rats | |
| 650 | _aEstrutura animal | ||
| 650 | _aRato | ||
| 650 | _aCelula | ||
| 650 | _aTecido animal | ||
| 650 | _aHistologia | ||
| 773 | 0 |
_tRevista Brasileira de Pesquisas Medicas e Biologicas (Brazil) _xISSN 0034-7310 _g(Aug 1980), v. 13(4-6) p. 173-182 _wBR8103335 |
|
| 909 |
_a202311 _bLúcia _c55 _dLúcia Elande |
||
| 942 |
_2AGRIS _n0 _cANA |
||
| 999 |
_c107133 _d107133 |
||